| 000 | 00827nam a2200241 i 4500 | ||
|---|---|---|---|
| 001 | 184431 | ||
| 003 | ES-MaACL | ||
| 005 | 20250804062551.0 | ||
| 008 | 150826s1990 sp |||| ||spa d | ||
| 020 | _a84-206-0492-5 | ||
| 080 | _a875-5"-03" | ||
| 100 | 0 |
_aDemóstenes. _943670 |
|
| 245 | 1 | 0 |
_aDiscursos / _cDemóstenes ; introducción, traducción y notas de José Luis Navarro González. |
| 260 |
_aMadrid : _bAlianza Editorial, _c[1990] |
||
| 300 |
_a322 p. ; _c18 cm. |
||
| 490 | 1 |
_aEl libro de bolsillo ; _v1492. Sección clásicos |
|
| 500 | _aÍndices. | ||
| 504 | _aBibliografía: p. 31-33. | ||
| 700 | 1 |
_aNavarro González, José Luis. _985132 |
|
| 830 | 0 | 3 |
_aEl libro de bolsillo _v1492. Sección clásicos _9177802 |
| 852 |
_aES-MaACL _jL-30161 _z. - Donat. Miguel A. Velasco |
||
| 999 |
_c184431 _d184431 |
||